| 000 | 00759nam a22002411 4500 | ||
|---|---|---|---|
| 001 | sa 68000696 | ||
| 003 | DLC | ||
| 005 | 20260227112426.0 | ||
| 008 | 710901s1967 ii b 00000 eng | ||
| 010 | _asa 68000696 | ||
| 025 | _aPL480:I-E-9186 | ||
| 043 | _aa-ii--- | ||
| 050 | 0 |
_aHC440.S3 _bM818 |
|
| 100 | 2 | 0 | _aMutalik Desai, V. R. |
| 245 | 1 | 0 |
_aSocial aspects of savings _c[by] V. R. M. Desai. |
| 260 | 0 |
_aBombay, _bPopular Prakashan _c[1967] |
|
| 300 |
_axvi, 189 p. _c23 cm. |
||
| 350 | _aRs24 | ||
| 500 | _a"Originally prepared and submitted as a thesis for the Postgraduate studies of the University of Bombay ..." | ||
| 504 | _aBibliography: p. [177]-186. | ||
| 650 | 0 |
_aSaving and investment _zIndia. |
|
| 651 | 0 |
_aIndia _xSocial conditions. |
|
| 999 |
_c77392 _d77392 |
||